Ấn tượng văn chương
Sách viết về cuộc đời và tác phẩm của những tác giả đã quá cố. Từ Nguyễn Trãi đến các nhà văn khác đã từng nổi tiếng trên văn đàn như Chu Văn, Như Phong, Nguyễn Trọng Định, Ca Lê Hiến... Viết về văn và đời văn của những Kim Lân với...
محفوظ في:
| المؤلف الرئيسي: | |
|---|---|
| التنسيق: | كتاب |
| اللغة: | Undetermined |
| منشور في: |
Hà Nội
Văn hóa Thông tin
2000
|
| الموضوعات: | |
| الوسوم: |
إضافة وسم
لا توجد وسوم, كن أول من يضع وسما على هذه التسجيلة!
|
| Thư viện lưu trữ: | Trung tâm Học liệu Trường Đại học Cần Thơ |
|---|
| LEADER | 01365nam a2200241Ia 4500 | ||
|---|---|---|---|
| 001 | CTU_39531 | ||
| 008 | 210402s9999 xx 000 0 und d | ||
| 020 | |b 72.000đ | ||
| 020 | |c 72000 | ||
| 082 | |a 809 | ||
| 082 | |b Ng527â | ||
| 100 | |a Lữ, Huy Nguyên | ||
| 245 | 0 | |a Ấn tượng văn chương | |
| 245 | 0 | |c Lữ Huy Nguyên | |
| 260 | |a Hà Nội | ||
| 260 | |b Văn hóa Thông tin | ||
| 260 | |c 2000 | ||
| 520 | |a Sách viết về cuộc đời và tác phẩm của những tác giả đã quá cố. Từ Nguyễn Trãi đến các nhà văn khác đã từng nổi tiếng trên văn đàn như Chu Văn, Như Phong, Nguyễn Trọng Định, Ca Lê Hiến... Viết về văn và đời văn của những Kim Lân với Gia Ninh, các phong trào sáng tác ở vùng Sơn Nam Hạ (Phủ Lý Nam Định) về các cây viết mới xuất hiện đang có mặt ở các hội nghị nhà văn trẻ, về công tác quản lý chỉ đạo ngành xuất bản, viết về tác giả, tác phẩm văn học thế giới. | ||
| 650 | |a Vietnamese literature | ||
| 650 | |x History and criticism | ||
| 650 | |y 20th century | ||
| 904 | |i Minh | ||
| 980 | |a Trung tâm Học liệu Trường Đại học Cần Thơ | ||